All McLaren Formula 1 GP Winners - Statistics

General Stats
  • This quiz has been taken 357 times
  • The average score is 12 of 20
Answer Stats
Number of wins Driver % Correct
35 Senna
96%
30 Prost
93%
21 Hamilton
92%
4 Alonso
82%
20 Hakkinen
79%
8 Button
78%
8 Lauda
72%
12 Coulthard
68%
1 Ricciardo
68%
9 Raikkonen
67%
9 Hunt
64%
1 McLaren
64%
1 Kovalainen
52%
5 Fittipaldi
50%
3 Montoya
44%
3 Berger
39%
6 Hulme
30%
4 Watson
27%
1 Mass
26%
2 Revson
11%
No matching quizzes found
Score Distribution
Percent of People with Each Score
Percentile by Number Answered
Your Score History
You have not taken this quiz